عرض عادي
عرض مارك
- القرارات الإدارية
مدخل مصطلح موضوعي
001 - رقم الضبط
- حقل الضبط: 22069
003 - معرف رقم الضبط
- حقل الضبط: OSt
005 - تاريخ ووقت أخر عملية
- حقل الضبط: 20130303134035.0
008 - عناصر بيانات ثابتة الطول
- حقل تحكم ثابت الطول: 130303|||a|||||| | ||| d
040 ## - مصدر الفهرسة
- هيئة الفهرسة الأصلية: OSt
- وكالة الكتابة: OSt
150 ## - مدخل-- مصطلح تاريخي
- عنصر مدخل المصطلح الموضوعي او الاسم الجغرافي: القرارات الإدارية
- تفريع جغرافي: مصر
670 ## - بيانات المصدر موجوده
- الاستشهاد بالمصدر: Work cat.: (OSt): أبو زيد، مصطفى عبد الغنى عبد الغني 22068, المحل في القرار الإداري والرقابة القضائية عليه : دراسة مقارنة /, 2012
